Music Quiz

Random Music or Song Quiz

Mariah Carey #1s (US) Quiz Stats

 Plays Quiz Updated Dec 19, 2019

     
Support Sporcle.
Go Orange.
Score 0/19 Timer 04:00
1 Play Today
Year Song % Correct
2019All I Want for Christmas Is You
79.8%
1993Hero
64.6%
2005We Belong Together
59.4%
1996Always Be My Baby
58.1%
1995Fantasy
54.4%
2008Touch My Body
52.1%
1997Honey
51.9%
1999Heartbreaker
51.4%
1990Vision of Love
47.4%
1993Dreamlover
44.6%
Year Song % Correct
1995One Sweet Day
44.2%
1991Emotions
41.4%
1998My All
34.3%
1992I'll Be There
33.4%
2005Don't Forget About Us
29.9%
1991Someday
29.7%
1990Love Takes Time
26.5%
1999Thank God I Found You
22.2%
1991I Don't Wanna Cry
21.9%

From the Vault

Remove Ads.
Support Sporcle.
Get the best of Sporcle when you Go Orange. This ad-free experience offers more features, more stats, and more fun while also helping to support Sporcle. Thank you for becoming a member.

Show Comments

Extras

Top Quizzes Today


Score Distribution

Your Account Isn't Verified!

In order to create a playlist on Sporcle, you need to verify the email address you used during registration. Go to your Sporcle Settings to finish the process.

Report this User

Report this user for behavior that violates our Community Guidelines.

Details: